000 00946nam a2200253Ia 4500
003 OSt
005 20221005104118.0
006 a|||||r|||| 00| 0
007 ta
008 221004b |||||||| |||| 00| 0 hin d
020 _cIndian Rupees 10
024 _a70864
037 _bGift, 12/12/2021,
_cTextual
040 _aCRL
_cCRL
_bhin
041 _2hin
_ahin
082 _aO152,8x, M7
100 _aअग्रवाल, गिरीराजशरण, ले.
245 0 _a1986 की श्रेष्ठ हास्य व्यग्यं रचनाएं
246 _a1986 kī shreṣhṭha hāsya vyagyan rachanāean
260 _aदिल्ली
_bडायमंड पाकेट बुक्स भारत
_c1987
300 _a208पृ0
_ccm.
942 _hO152,8x, M7
_cTEXL
_2cc
999 _c1011744
_d1011744